The economics of collusion: cartels and bidding rings

Saved in:
Bibliographic Details
Main Authors: Marshall, Robert C. (autor), Marx, Leslie M (Author)
Format: Book
Language:English
Published: Cambridge MIT 2012
Edition:1a. ed
Series:Economics, Law
Subjects:
Tags: Add Tag
No Tags, Be the first to tag this record!

MARC

LEADER 00000cam a2200000 a 4500
001 UCF0391
003 CL-VaPUC
008 120517e20120000US |||||||||||||||||eng|d
020 |a 9780262017329 
082 0 4 |a 338.82  |b MAR  |2 21 
100 |a Marshall, Robert C.  |e autor  |9 562175 
700 0 |a Marx, Leslie M  |e author  |9 562176 
245 1 4 |a The economics of collusion: cartels and bidding rings 
250 |a 1a. ed 
300 |a 302 P 
942 |c BK 
945 |d 20120517 00:00:00  |a cmena 
260 |a Cambridge  |b MIT  |c 2012 
650 0 |a Precios   |9 260787 
650 7 |a FIJACION DE PRECIOS  |2 CL-VaPUC  |9 413250 
650 7 |a COLUSION  |2 CL-VaPUC  |9 562177 
650 0 |a Monopolios  |9 255549 
650 0 |a Libre competencia   |9 391595 
583 |a last modification  |c 20121105 12:27:12  |k Rodrigo Vera 
490 0 |a Economics, Law 
999 |c 347723  |d 347721 
952 |0 0  |1 0  |4 0  |6 338_820000000000000_MAR_2012  |7 0  |8 A  |9 449245  |a BIBENE  |b BIBENE  |d 2019-11-22  |i 4869729  |o 338.82 MAR 2012  |p 4869729  |r 2025-01-15  |w 2019-11-22  |y BK  |k ICO